000 00877nmc a2200325 a 4500
003 AR-BaBNM
005 20251128205022.0
008 011101s1995 ||||||||||||||000 | spa||
020 _a950-99350-7-7
040 _cAR-BaBNM
100 1 _aStorni, Fernando J.
_cS.J.
245 1 0 _aEducación, democracia y trascendencia
250 _a1ª ed.
260 _aBuenos Aires
_bAcademia Nacional de Educación
_c1995
300 _a79 p.
490 0 _aEstudios
_vv. 5
504 _aBibliografía: p. 77-79
650 4 _aDEMOCRATIZACION DE LA EDUCACION
650 4 _aETICA
650 4 _aESTADO Y EDUCACION
650 4 _aHISTORIA DE LA EDUCACION
650 4 _aEDUCACION RELIGIOSA
650 4 _aEDUCACION CRISTIANA
651 4 _aEstados Unidos
651 4 _aArgentina
651 4 _aAmérica Latina
653 _aCONGRESO PEDAGOGICO
942 _cBK
998 _csilvi
999 _c9686
_d9686